Ciudades del Reino Unido con más turistas - Estadísticas

Estadísticas generales
  • Esta prueba ha sido intentada 1.343 veces
  • La puntuación promedio es 9 de 15
Estadísticas de respuestas
# Visitantes Ciudad % Correcto
20,3 M Londres
99%
1,72 M Mánchester
96%
900 mil Liverpool
93%
2,34 M Edimburgo
78%
685 mil Glasgow
75%
934 mil Birmingham
73%
313 mil Cardiff
67%
291 mil Leeds
60%
450 mil Oxford
58%
444 mil Cambridge
50%
569 mil Bristol
47%
441 mil Brighton y Hove
40%
276 mil York
37%
313 mil Bath
28%
285 mil Inverness
18%
No se encontraron pruebas coincidentes
Distribución de puntuación
Porcentaje de gente con cada puntuación
Porcentaje por número respondido
Historial de tus puntuaciones
No has intentado esta prueba.